000 002400000a22000970004500
100 1 _aGreen, Ricardo A.
245 1 0 _aLa pregunta : ¿Me amas?
300 _aVol. 9, Núm 49 (1997), Páginas 10
773 0 _tImpacto Presbiteriano
942 _cANA
999 _c51059
_d51059